000 01135nam a2200301Ia 4500
001 ebr10007222
003 CaPaEBR
006 m u
007 cr cn|||||||||
008 010625s2000 ohu s 001 0 eng d
020 _z1929685300
040 _aCaPaEBR
_cCaPaEBR
035 _a(OCoLC)70750251
050 1 4 _aQA76.73.B3
_bS65 2000beb
082 0 4 _a005.1/17
_221
100 1 _aSmiley, John.
245 1 0 _aLearn to program Visual Basic objects
_h[electronic resource] /
_cJohn Smiley.
260 _aCincinnati :
_bMuska & Lipman Publishing,
_cc2000.
300 _aviii, 98 p.
500 _aTitle from title screen.
500 _aIncludes index.
533 _aElectronic reproduction.
_bPalo Alto, Calif. :
_cebrary,
_d2009.
_nAvailable via World Wide Web.
_nAccess may be limited to ebrary affiliated libraries.
630 0 0 _aMicrosoft Visual BASIC.
650 0 _aObject-oriented programming (Computer science)
655 7 _aElectronic books.
_2local
710 2 _aebrary, Inc.
856 4 0 _uhttp://site.ebrary.com/lib/rucke/Doc?id=10007222
_zAn electronic book accessible through the World Wide Web; click to view
999 _c15411
_d15411